Le couronnement impérial de Charlemagne: 20 décembre 800

Salvato in:
Dettagli Bibliografici
Autore principale: Folz, Robert (Autore)
Natura: Libro
Lingua:francese
Pubblicazione: París Gallimard 1964
Serie:Trente Journées qui ont Fait la France, 3
Soggetti:
Tags: Aggiungi Tag
Nessun Tag, puoi essere il primo ad aggiungerne!!

MARC

LEADER 00000nam a2200000 a 4500
001 UCO0792
003 CL-VaPUC
008 000428e19640000FR |||||||||||||||||fre|d
082 0 4 |a 944.013  |b FOL  |2 21 
100 0 |a Folz, Robert  |e author  |9 442315 
245 1 3 |a Le couronnement impérial de Charlemagne: 20 décembre 800 
300 |a 333 p 
942 |c BK 
945 |d 20000428 00:00:00  |a rherrera 
260 |a París  |b Gallimard  |c 1964 
600 0 |a Carlomagno  |9 343111 
650 7 |a HISTORIA DE FRANCIA SIGLO 9  |2 CL-VaPUC  |9 442316 
650 0 |a Imperio carolingio   |9 392797 
650 7 |a CORONACION  |2 CL-VaPUC  |9 442317 
651 0 |a Francia  |9 255157 
583 |a last modification  |c 20160817 11:31:15  |k Rodrigo Vera 
490 0 |a Trente Journées qui ont Fait la France, 3 
999 |c 287439  |d 287437 
952 |0 0  |1 0  |4 0  |6 944_013000000000000_FOL_1964  |7 0  |8 A  |9 334300  |a BIBHIS  |b BIBHIS  |d 2019-11-20  |i 1266365  |o 944.013 FOL 1964  |p 1266365  |r 2025-01-20  |w 2019-11-20  |y BK  |k HIS 
952 |0 0  |1 0  |4 0  |6 944_013000000000000_FOL_1964  |7 0  |8 A  |9 334301  |a BIBHIS  |b BIBHIS  |d 2019-11-20  |i 1266373  |o 944.013 FOL 1964  |p 1266373  |r 2025-01-20  |w 2019-11-20  |y BK  |k HIS